| 000 | 00417nam a22001217a 4500 | ||
|---|---|---|---|
| 008 | 250707b |||||||| |||| 00| 0 eng d | ||
| 020 | _a9781784416645 | ||
| 050 | _aLC 3965 .I58 2015 | ||
| 100 | _aeditor:Obiakor,Festus E. | ||
| 245 |
_aInterdisciplinary connections to special education : _bkey related professionals involved/ |
||
| 300 |
_ax, 211p. ; _c24cm |
||
| 942 |
_2lcc _cBOOKS _hLC 3965 .I58 2015 |
||
| 999 |
_c32303 _d32303 |
||